Statistics for U.S. States by First Two Letters in 30 Seconds

Click here to take the quiz!

General Stats

  • This quiz has been taken 581,978 times
  • The average score is 28 of 50

Answers on the Map

Answers color-coded by a green-red scale on the quiz's map according to % correct below.
Loading ...
 

Answer Stats

State% Correct
Nebraska
86%
Nevada
86%
New Hampshire
86%
California
86%
New Jersey
86%
New Mexico
86%
New York
86%
Texas
76%
Tennessee
76%
Alaska
73%
Alabama
73%
Washington
73%
Michigan
70%
Minnesota
70%
Mississippi
70%
Missouri
70%
North Dakota
66%
North Carolina
66%
Florida
65%
South Carolina
62%
South Dakota
62%
Arkansas
62%
Arizona
62%
Maine
60%
Maryland
60%
Massachusetts
60%
Oregon
58%
Montana
58%
Idaho
56%
Colorado
54%
Connecticut
54%
Illinois
41%
Utah
40%
Hawaii
39%
Wyoming
38%
Ohio
37%
Georgia
36%
Iowa
36%
Indiana
34%
Louisiana
34%
Oklahoma
32%
Kansas
32%
Wisconsin
32%
Virginia
28%
Pennsylvania
27%
West Virginia
27%
Kentucky
25%
Vermont
22%
Delaware
19%
Rhode Island
16%

Score Distribution

Percentile by Number Answered

Percent of People with Each Score

Your Score History

You have not taken this quiz